[Event "Heusenstamm Schloss op"]
[Site "Heusenstamm"]
[Date "2022.11.20"]
[Round "7"]
[White "Benninger, Rudolf"]
[Black "Busch, Malte"]
[Result "1-0"]
[WhiteElo "1978"]
[BlackElo "1823"]
[PlyCount "51"]
[EventDate "2022.11.17"]
[EventType "swiss"]
[EventRounds "7"]
[EventCountry "GER"]
[SourceTitle "CBM 212 Extra"]
[Source "ChessBase"]
[SourceDate "2023.03.31"]
[SourceVersion "1"]
[SourceVersionDate "2023.03.31"]
[SourceQuality "1"]

1. e4 Nf6 2. e5 Nd5 3. d4 d6 4. c4 Nb6 5. exd6 cxd6 6. Nc3 g6 7. Be3 Bg7 8. Rc1 0-0 9. b3 e5 10. Nf3 Nc6 11. Be2 d5 12. c5 exd4 13. Nxd4 Nd7 14. 0-0 Re8 15. Bf3 Nde5 16. Bxd5 Nb4 17. Ndb5 Ned3 18. Nd6 Nxc1 19. Bxf7+ Kh8 20. Bxe8 Be6 21. Qxc1 Nd3 22. Qd2 Ne5 23. Nce4 Qh4 24. Bg5 Qg4 25. f3 Qh5 26. Ng3 1-0

[Event "Heusenstamm Schloss op"]
[Site "Heusenstamm"]
[Date "2022.11.19"]
[Round "5"]
[White "Burkart, Lloyd Shang"]
[Black "Busch, Malte"]
[Result "1/2-1/2"]
[WhiteElo "1768"]
[BlackElo "1823"]
[PlyCount "29"]
[EventDate "2022.11.17"]
[EventType "swiss"]
[EventRounds "7"]
[EventCountry "GER"]
[SourceTitle "CBM 212 Extra"]
[Source "ChessBase"]
[SourceDate "2023.03.31"]
[SourceVersion "1"]
[SourceVersionDate "2023.03.31"]
[SourceQuality "1"]

1. d4 d5 2. c4 dxc4 3. e3 e5 4. dxe5 Qxd1+ 5. Kxd1 Nc6 6. Bxc4 Nxe5 7. Be2 Bf5 8. Nf3 0-0-0+ 9. Ke1 Nxf3+ 10. gxf3 Bb4+ 11. Bd2 Bxd2+ 12. Nxd2 Be6 13. Bc4 Bxc4 14. Nxc4 Nh6 15. Ke2 1/2-1/2

[Event "Frankfurt-chA"]
[Site "Frankfurt"]
[Date "2022.06.13"]
[Round "7"]
[White "Sever, Mustafa Batuhan"]
[Black "Busch, Malte"]
[Result "1-0"]
[WhiteElo "2079"]
[BlackElo "1828"]
[PlyCount "65"]
[EventDate "2022.04.25"]
[EventType "swiss"]
[EventRounds "7"]
[EventCountry "GER"]
[SourceTitle "EXT 2023"]
[Source "ChessBase"]
[SourceDate "2022.10.05"]
[SourceVersion "1"]
[SourceVersionDate "2022.10.05"]
[SourceQuality "1"]

1. e4 Nf6 2. e5 Nd5 3. Nf3 g6 4. c4 Nb6 5. Nc3 d6 6. d4 Nc6 7. exd6 cxd6 8. Be2 Bg7 9. Be3 0-0 10. 0-0 e5 11. Rc1 h6 12. d5 Ne7 13. b4 Kh7 14. c5 Nd7 15. Qb3 Nf5 16. Nb5 a6 17. Na3 Nxe3 18. Qxe3 dxc5 19. bxc5 e4 20. Nd2 Qa5 21. Ndc4 Qc7 22. Rfd1 f5 23. f4 Nxc5 24. d6 Qc6 25. Na5 Qa4 26. Rxc5 b6 27. Rc7 Qxa5 28. Nc4 Qb4 29. a3 Qa4 30. Nxb6 Qa5 31. Nxa8 Be6 32. Nb6 Bb3 33. Qxb3 1-0

[Event "Frankfurt-chA"]
[Site "Frankfurt"]
[Date "2022.05.23"]
[Round "5"]
[White "Plattner, Rolf"]
[Black "Busch, Malte"]
[Result "1/2-1/2"]
[WhiteElo "1741"]
[BlackElo "1828"]
[PlyCount "61"]
[EventDate "2022.04.25"]
[EventType "swiss"]
[EventRounds "7"]
[EventCountry "GER"]
[SourceTitle "EXT 2023"]
[Source "ChessBase"]
[SourceDate "2022.10.05"]
[SourceVersion "1"]
[SourceVersionDate "2022.10.05"]
[SourceQuality "1"]

1. e4 Nf6 2. e5 Nd5 3. d4 d6 4. Nf3 dxe5 5. Nxe5 Bf5 6. c3 Nd7 7. Qf3 Nxe5 8. Qxf5 Ng6 9. g3 e6 10. Qf3 c6 11. Bg2 Bd6 12. 0-0 h5 13. h4 Bc7 14. Re1 Qf6 15. Qxf6 gxf6 16. Nd2 0-0-0 17. Nf3 Rhg8 18. Kf1 Nge7 19. Bd2 Nf5 20. Rad1 Rg7 21. c4 Nb6 22. b3 Nxd4 23. Bc3 Nxf3 24. Bxf3 Nd7 25. Bxh5 Be5 26. Bxe5 Nxe5 27. Rxd8+ Kxd8 28. Rd1+ Ke7 29. Ke2 f5 30. Ke3 Ng6 31. Bxg6 1/2-1/2

[Event "Heusenstamm Sparkassen op-A 7th"]
[Site "Heusenstamm"]
[Date "2021.11.21"]
[Round "6.66"]
[White "Werner, Tom"]
[Black "Busch, Malte"]
[Result "1-0"]
[WhiteElo "1780"]
[BlackElo "1769"]
[PlyCount "81"]
[EventDate "2021.11.18"]
[EventType "swiss"]
[EventRounds "7"]
[EventCountry "GER"]
[SourceTitle "EXT 2023"]
[Source "ChessBase"]
[SourceDate "2022.10.05"]
[SourceVersion "1"]
[SourceVersionDate "2022.10.05"]
[SourceQuality "1"]

1. c4 f5 2. Nc3 Nf6 3. g3 e6 4. Bg2 Be7 5. e3 0-0 6. Nge2 d6 7. d4 e5 8. 0-0 Nc6 9. b3 a6 10. Ba3 Qe8 11. Qc2 Qh5 12. Rae1 f4 13. exf4 Bh3 14. Bxh3 Qxh3 15. f3 Nh5 16. dxe5 g5 17. Nd5 gxf4 18. Nexf4 Nxf4 19. Nxf4 Rxf4 20. gxf4 Nd4 21. Qg2+ Qxg2+ 22. Kxg2 Nc2 23. exd6 Bh4 24. d7 Bxe1 25. Be7 Ne3+ 26. Kg1 Nxf1 27. Kxf1 Bd2 28. f5 Bf4 29. h3 Kf7 30. d8Q Rxd8 31. Bxd8 Ke8 32. Bh4 Kf7 33. Kf2 c6 34. Bg3 Bc1 35. Be5 b5 36. cxb5 cxb5 37. Ke2 Bg5 38. Kd3 a5 39. a4 bxa4 40. bxa4 Bh4 41. Bc3 1-0

[Event "Heusenstamm Sparkassen op-A 7th"]
[Site "Heusenstamm"]
[Date "2021.11.19"]
[Round "3.60"]
[White "Zimmer, Gerald"]
[Black "Busch, Malte"]
[Result "0-1"]
[WhiteElo "1941"]
[BlackElo "1769"]
[PlyCount "70"]
[EventDate "2021.11.18"]
[EventType "swiss"]
[EventRounds "7"]
[EventCountry "GER"]
[SourceTitle "EXT 2023"]
[Source "ChessBase"]
[SourceDate "2022.10.05"]
[SourceVersion "1"]
[SourceVersionDate "2022.10.05"]
[SourceQuality "1"]

1. d4 f5 2. g4 d5 3. Qd3 e6 4. Nf3 Be7 5. gxf5 exf5 6. Nc3 Nc6 7. Bf4 Nb4 8. Qd2 c6 9. a3 Na6 10. Rg1 Nf6 11. Rxg7 Ng4 12. Bg5 Bf6 13. Bxf6 Qxf6 14. Qg5 Qxg5 15. Rxg5 Kf7 16. h3 Kf6 17. Rh5 Kg6 18. hxg4 fxg4 19. Rg5+ Kf6 20. Re5 gxf3 21. exf3 Bf5 22. 0-0-0 Nc5 23. Rde1 Ne6 24. Rxf5+ Kxf5 25. Bh3+ Kg5 26. Rxe6 Rae8 27. Re3 Rxe3 28. fxe3 Kh4 29. Bf5 Kg3 30. e4 Kxf3 31. exd5 cxd5 32. Nxd5 h5 33. Ne7 h4 34. Ng6 h3 35. Ne5+ Ke3 0-1

[Event "Wiesbaden op 24th"]
[Site "Wiesbaden"]
[Date "2012.08.26"]
[Round "6"]
[White "Lessmann, Sven"]
[Black "Busch, Malte"]
[Result "0-1"]
[WhiteElo "1659"]
[BlackElo "1765"]
[PlyCount "72"]
[EventDate "2012.08.23"]
[EventType "swiss"]
[EventRounds "7"]
[EventCountry "GER"]
[SourceTitle "CBM 150 Extra"]
[Source "ChessBase"]
[SourceDate "2012.10.19"]
[SourceVersion "1"]
[SourceVersionDate "2012.10.19"]
[SourceQuality "1"]

1. d4 d5 2. c4 e6 3. Nc3 Nf6 4. Bg5 Nbd7 5. Nf3 Be7 6. e3 0-0 7. cxd5 Nxd5 8. Bxe7 Qxe7 9. a3 N7f6 10. Bd3 c5 11. 0-0 cxd4 12. exd4 b6 13. Re1 Bb7 14. Ne5 Nf4 15. Bf1 Rfd8 16. g3 N4d5 17. Bg2 Rac8 18. Rc1 Nxc3 19. bxc3 Bxg2 20. Kxg2 Qxa3 21. Qf3 Qd6 22. g4 Qd5 23. Qxd5 Nxd5 24. c4 Nf4+ 25. Kf3 f6 26. Kxf4 Rxd4+ 27. Kf3 fxe5 28. Rxe5 Rcxc4 29. Rce1 Rf4+ 30. Ke3 Rxg4 31. Rxe6 Kf7 32. f3 Kxe6 33. fxg4 Rc5 34. Kf4+ Kf7 35. Re4 b5 36. g5 Rc4 0-1

[Event "Wiesbaden op 24th"]
[Site "Wiesbaden"]
[Date "2012.08.25"]
[Round "4"]
[White "Seidel, Juergen"]
[Black "Busch, Malte"]
[Result "1-0"]
[WhiteElo "2059"]
[BlackElo "1765"]
[PlyCount "87"]
[EventDate "2012.08.23"]
[EventType "swiss"]
[EventRounds "7"]
[EventCountry "GER"]
[SourceTitle "CBM 150 Extra"]
[Source "ChessBase"]
[SourceDate "2012.10.19"]
[SourceVersion "1"]
[SourceVersionDate "2012.10.19"]
[SourceQuality "1"]

1. d4 d5 2. Nf3 Nf6 3. c4 e6 4. g3 Be7 5. Bg2 0-0 6. 0-0 Nbd7 7. b3 c5 8. cxd5 Nxd5 9. e4 N5f6 10. Re1 b6 11. d5 exd5 12. e5 Ne8 13. Qxd5 Nc7 14. Qe4 Rb8 15. Bb2 Bb7 16. Qg4 Ne6 17. Nbd2 Qc7 18. Ne4 Bxe4 19. Qxe4 Rfd8 20. Bh3 Ndf8 21. Bf1 Qb7 22. Qg4 h6 23. Bg2 Qc8 24. Qe4 c4 25. Qxc4 Qxc4 26. bxc4 Nc5 27. Red1 Nd3 28. Bd4 Nb4 29. Rd2 Rbc8 30. Bf1 Ne6 31. Be3 Ng5 32. Nd4 Rxd4 33. Bxg5 Bxg5 34. Rxd4 Nc2 35. Rad1 Nxd4 36. Rxd4 Rc7 37. Bg2 Be7 38. Kf1 Kf8 39. f4 Bc5 40. Rd8+ Ke7 41. Rg8 g6 42. Bd5 Bb4 43. Rh8 h5 44. Bxf7 1-0

[Event "Karl Mala Memorial op 14th"]
[Site "Frankfurt"]
[Date "2011.07.10"]
[Round "7"]
[White "Froehlich Dill, Astrid"]
[Black "Busch, Malte"]
[Result "1-0"]
[WhiteElo "1936"]
[BlackElo "1772"]
[PlyCount "87"]
[EventDate "2011.07.07"]
[EventType "swiss"]
[EventRounds "7"]
[EventCountry "GER"]
[SourceTitle "EXT 2012"]
[Source "ChessBase"]
[SourceDate "2011.11.24"]
[SourceVersion "1"]
[SourceVersionDate "2011.11.24"]
[SourceQuality "1"]

1. d4 d5 2. Nf3 Nf6 3. Bf4 e6 4. e3 Bd6 5. Bxd6 Qxd6 6. Bd3 Qb4+ 7. Nbd2 Qxb2 8. 0-0 0-0 9. c4 Qa3 10. Ne5 Nbd7 11. Qc2 dxc4 12. Ndxc4 Qe7 13. Na5 c6 14. Rab1 Nb6 15. Rfd1 h6 16. h3 Kh8 17. Qc5 Qxc5 18. dxc5 Na4 19. Rdc1 b6 20. cxb6 Nxb6 21. Rxc6 Bd7 22. Nxd7 Nfxd7 23. Rc7 Nf6 24. e4 Rfd8 25. Ba6 Kg8 26. Bb7 Ne8 27. Rc2 Rab8 28. Nc6 Rxb7 29. Nxd8 Rd7 30. Nc6 Nf6 31. f3 Rc7 32. Nd4 Rd7 33. Nb3 Ne8 34. Rbc1 Kh7 35. Kf2 h5 36. h4 Kh6 37. Ke3 Nd6 38. Nd2 Nb5 39. Rc5 a6 40. g4 g6 41. gxh5 gxh5 42. Rg1 Na4 43. Rc8 Nbc3 44. Rh8# 1-0

[Event "Karl Mala Memorial op 14th"]
[Site "Frankfurt"]
[Date "2011.07.09"]
[Round "4"]
[White "Busch, Malte"]
[Black "Bender, Dirk"]
[Result "0-1"]
[WhiteElo "1772"]
[BlackElo "1478"]
[PlyCount "56"]
[EventDate "2011.07.07"]
[EventType "swiss"]
[EventRounds "7"]
[EventCountry "GER"]
[SourceTitle "EXT 2012"]
[Source "ChessBase"]
[SourceDate "2011.11.24"]
[SourceVersion "1"]
[SourceVersionDate "2011.11.24"]
[SourceQuality "1"]

1. d4 d5 2. c4 e6 3. Nc3 Nf6 4. Nf3 Nbd7 5. e3 Be7 6. Bd3 0-0 7. 0-0 b6 8. b3 Bb7 9. Bb2 Bd6 10. Rc1 a6 11. Qe2 c5 12. cxd5 exd5 13. Na4 c4 14. bxc4 dxc4 15. Bf5 b5 16. Bxd7 Qxd7 17. Nb6 Qc7 18. Nxa8 Rxa8 19. Rfe1 Be4 20. Ng5 Bb7 21. e4 Bxh2+ 22. Kh1 Bf4 23. e5 Nd5 24. e6 Bxg5 25. exf7+ Qxf7 26. Rcd1 Nf4 27. Qe5 Bxg2+ 28. Kg1 Qh5 0-1

[Event "Karl Mala Memorial op 14th"]
[Site "Frankfurt"]
[Date "2011.07.09"]
[Round "5"]
[White "Woehl, Torsten"]
[Black "Busch, Malte"]
[Result "0-1"]
[WhiteElo "1245"]
[BlackElo "1772"]
[PlyCount "38"]
[EventDate "2011.07.07"]
[EventType "swiss"]
[EventRounds "7"]
[EventCountry "GER"]
[SourceTitle "EXT 2012"]
[Source "ChessBase"]
[SourceDate "2011.11.24"]
[SourceVersion "1"]
[SourceVersionDate "2011.11.24"]
[SourceQuality "1"]

1. e4 e6 2. d4 d5 3. exd5 exd5 4. Nf3 Bg4 5. Be2 Nf6 6. 0-0 Bd6 7. Bg5 0-0 8. Nc3 c6 9. Ne5 Bxe2 10. Qxe2 Re8 11. Bxf6 Qxf6 12. Ng4 Qd8 13. Qd3 Qh4 14. Qf3 h5 15. Ne5 Bxe5 16. dxe5 Rxe5 17. Rae1 Nd7 18. Ne2 Rae8 19. g3 Qe7 0-1

[Event "Karl Mala Memorial op 12th"]
[Site "Frankfurt"]
[Date "2009.07.19"]
[Round "6"]
[White "Pade, Joachim"]
[Black "Busch, Malte"]
[Result "1-0"]
[WhiteElo "1779"]
[BlackElo "1450"]
[PlyCount "85"]
[EventDate "2009.07.16"]
[EventType "swiss"]
[EventRounds "7"]
[EventCountry "GER"]
[SourceTitle "EXT 2010"]
[Source "ChessBase"]
[SourceDate "2010.11.25"]
[SourceVersion "1"]
[SourceVersionDate "2010.11.25"]
[SourceQuality "1"]

1. e4 e6 2. d3 d5 3. Nd2 Nf6 4. e5 Nfd7 5. f4 c5 6. Ngf3 Nc6 7. c3 Be7 8. g3 Nb6 9. Bg2 Bd7 10. a4 a5 11. 0-0 0-0 12. Qe1 f6 13. d4 cxd4 14. cxd4 Nb4 15. Qd1 Rc8 16. b3 Nc2 17. Ra2 Ne3 18. Qe2 Nxf1 19. Qxf1 Bb4 20. g4 Qc7 21. Ra1 Qc3 22. Rb1 Qe3+ 23. Kh1 Qc3 24. h4 Qc7 25. Bh3 Be8 26. g5 f5 27. g6 Bxg6 28. Ng5 Rfe8 29. h5 Bxh5 30. Ndf3 h6 31. Nxe6 Bxf3+ 32. Qxf3 Rxe6 33. Bxf5 Ree8 34. Be3 Rcd8 35. Rg1 Rf8 36. Bb1 Rf7 37. f5 Be7 38. Bxh6 Kf8 39. Bf4 g6 40. e6 Rh7+ 41. Kg2 Qc6 42. fxg6 Rg7 43. Bh6+ 1-0

[Event "Karl Mala Memorial op 12th"]
[Site "Frankfurt"]
[Date "2009.07.18"]
[Round "4"]
[White "Neubauer, Ralf"]
[Black "Busch, Malte"]
[Result "1-0"]
[WhiteElo "2038"]
[BlackElo "1450"]
[PlyCount "67"]
[EventDate "2009.07.16"]
[EventType "swiss"]
[EventRounds "7"]
[EventCountry "GER"]
[SourceTitle "EXT 2010"]
[Source "ChessBase"]
[SourceDate "2010.11.25"]
[SourceVersion "1"]
[SourceVersionDate "2010.11.25"]
[SourceQuality "1"]

1. Nf3 Nf6 2. d4 d5 3. e3 e6 4. Bd3 Bd6 5. Nbd2 Nbd7 6. 0-0 0-0 7. c4 c5 8. cxd5 Nxd5 9. Ne4 Be7 10. dxc5 Nxc5 11. Nxc5 Bxc5 12. Bxh7+ Kh8 13. Bb1 Nf6 14. Qc2 Qe7 15. a3 b6 16. b4 Bd6 17. Bb2 e5 18. Rd1 Re8 19. Qc6 Bb8 20. Qc4 Kg8 21. Qh4 Bb7 22. Ba2 Be4 23. Bxf7+ Qxf7 24. Ng5 Qg6 25. Rac1 Qh6 26. Qg3 Nh5 27. Qh4 Nf6 28. Qg3 Bf5 29. e4 Bg4 30. Qb3+ Be6 31. Nxe6 Kh8 32. Nd8 Qg6 33. Rc3 Nxe4 34. Rh3+ 1-0